|
|
|
|
| LEADER |
00000nam0a2200000 4500 |
| 001 |
327986 |
| 005 |
20231102004020.0 |
| 010 |
|
|
|a 9785961413922
|
| 035 |
|
|
|a (RuTPU)RU\TPU\book\353675
|
| 090 |
|
|
|a 327986
|
| 100 |
|
|
|a 20170209d2010 km y0rusy50 ca
|
| 101 |
1 |
|
|a rus
|c eng
|
| 102 |
|
|
|a RU
|
| 105 |
|
|
|a a z 000zy
|
| 200 |
1 |
|
|a Догнать зайца. Как лидеры рынка выигрывают в конкурентной борьбе и как великие компании могут их настичь
|e пер. с англ.
|f С. Спир
|
| 210 |
|
|
|a Москва
|c Альпина Паблишер
|d 2010
|
| 215 |
|
|
|a 328 с.
|c ил.
|
| 225 |
1 |
|
|a Библиотека Сбербанка
|
| 330 |
|
|
|a В основе книге лежит анализ производственных систем ведущих компаний мира, таких как Toyota, Alcoa, Pratt & Whitney. Как оказалось, разработанные ими схемы и принципы работы универсальны и их можно использовать в совершенно иных отраслях и областях знаний. Автор рассказывает, как спроектировать эффективную систему, научиться решать проблемы в тот момент и там, где они возникают, распространять знания и выявлять лидеров внутри компании. Какой бы компанией вы ни руководили, овладение этими навыками приблизит вас к совершенству. Почему? Потому что вы будете действовать быстрее, чем ваши конкуренты, и получать лучшие результаты, используя меньше ресурсов. Рекомендуется студентам МВА, руководителям и собственникам компаний.
|
| 606 |
1 |
|
|a Конкуренция
|2 stltpush
|3 (RuTPU)RU\TPU\subj\36299
|9 57727
|
| 606 |
1 |
|
|a Конкуренция экономическая,международная
|2 stltpush
|3 (RuTPU)RU\TPU\subj\36300
|9 57728
|
| 610 |
1 |
|
|a лидерство
|
| 610 |
1 |
|
|a производственные системы
|
| 610 |
1 |
|
|a конкуренция
|
| 610 |
1 |
|
|a проектирование
|
| 610 |
1 |
|
|a финансовые кризисы
|
| 610 |
1 |
|
|a восстановление
|
| 610 |
1 |
|
|a управленцы
|
| 610 |
1 |
|
|a инновации
|
| 610 |
1 |
|
|a Toyota
|
| 610 |
1 |
|
|a ALCOA
|
| 610 |
1 |
|
|a самокоррекция
|
| 686 |
|
|
|a У011.3
|v LBC/SL-A
|2 rubbk
|
| 686 |
|
|
|a У580
|v LBC/SL-A
|2 rubbk
|
| 700 |
|
1 |
|a Спир
|b С.
|g Стивен
|
| 801 |
|
1 |
|a RU
|b 63413507
|c 20170209
|
| 801 |
|
2 |
|a RU
|b 63413507
|c 20170220
|g RCR
|
| 942 |
|
|
|c BK
|